000
00271 a2200109 4500
001
58694
082
_a
621.382 LEB
090
_c
36017
_d
36017
100
_a
Lebow Irvin
245
_a
Understanding digital transmission and recording
260
_a
ND
_b
Prentic-Hall
_c
1998
942
_a
NUST-CAE
_k
621.382 LEB
999
_c
293767
_d
293767